[Event "COL-ch U1700"]
[Site "Pereira"]
[Date "2022.02.20"]
[Round "8"]
[White "Pusil Hoyos, Juan David"]
[Black "Ladino Hernandez, Angel Joel"]
[Result "1-0"]
[WhiteElo "1341"]
[BlackElo "1147"]
[PlyCount "59"]
[EventDate "2022.02.16"]
[EventType "swiss"]
[EventRounds "9"]
[EventCountry "COL"]
[SourceTitle "CBM 207 Extra"]
[Source "ChessBase"]
[SourceDate "2022.05.31"]
[SourceVersion "1"]
[SourceVersionDate "2022.05.31"]
[SourceQuality "1"]

1. e4 c5 2. c3 g6 3. d4 cxd4 4. cxd4 d6 5. Nf3 Bg7 6. Be2 e6 7. 0-0 Ne7 8. Be3 0-0 9. Nc3 d5 10. exd5 exd5 11. Rc1 Nbc6 12. Qb3 a6 13. Rfe1 b5 14. Nxd5 Nxd5 15. Rxc6 Be6 16. Qd1 Nb4 17. Rc5 Rc8 18. a3 Rxc5 19. dxc5 Nd5 20. b4 Nxe3 21. fxe3 Qxd1 22. Rxd1 Bb2 23. a4 bxa4 24. Bxa6 a3 25. Nd4 a2 26. Nxe6 fxe6 27. c6 Be5 28. c7 Bxc7 29. Ra1 Bb6 30. Rxa2 1-0

[Event "COL-ch U1700"]
[Site "Pereira"]
[Date "2022.02.19"]
[Round "7"]
[White "Caicedo Anguila, Juliana Andrea"]
[Black "Pusil Hoyos, Juan David"]
[Result "1-0"]
[WhiteElo "1639"]
[BlackElo "1341"]
[PlyCount "47"]
[EventDate "2022.02.16"]
[EventType "swiss"]
[EventRounds "9"]
[EventCountry "COL"]
[SourceTitle "CBM 207 Extra"]
[Source "ChessBase"]
[SourceDate "2022.05.31"]
[SourceVersion "1"]
[SourceVersionDate "2022.05.31"]
[SourceQuality "1"]

1. d4 d5 2. c4 c6 3. Nc3 e6 4. cxd5 cxd5 5. Bf4 Nc6 6. e3 Bd6 7. Bxd6 Qxd6 8. Nf3 Nf6 9. Bd3 0-0 10. 0-0 e5 11. dxe5 Nxe5 12. Nb5 Qe7 13. Be2 Bg4 14. Nxe5 Bxe2 15. Qxe2 Qxe5 16. Rfd1 a6 17. Nc3 Rfe8 18. Qf3 Rad8 19. Rd4 Rd7 20. Rad1 Red8 21. h3 h6 22. Qe2 Re8 23. Qc2 Re6 24. Qb3 1-0

[Event "COL-ch sf"]
[Site "Santa Rosa"]
[Date "2021.08.14"]
[Round "7"]
[White "Cruz Duque, Esteban"]
[Black "Pusil Hoyos, Juan David"]
[Result "1-0"]
[WhiteElo "1343"]
[BlackElo "1290"]
[PlyCount "55"]
[EventDate "2021.08.11"]
[EventType "swiss"]
[EventRounds "11"]
[EventCountry "COL"]
[SourceTitle "CBM 204 Extra"]
[Source "ChessBase"]
[SourceDate "2021.11.30"]
[SourceVersion "1"]
[SourceVersionDate "2021.11.30"]
[SourceQuality "1"]

1. e4 c5 2. d4 cxd4 3. c3 dxc3 4. Nxc3 e5 5. Nf3 Nc6 6. Bc4 h6 7. 0-0 d6 8. b4 Nxb4 9. Nxe5 dxe5 10. Bxf7+ Ke7 11. Qb3 Nf6 12. Ba3 a5 13. Rad1 Qb6 14. Bg6 Be6 15. Nd5+ Bxd5 16. exd5 Rd8 17. d6+ Kd7 18. Qf7+ Kc8 19. d7+ Kb8 20. Bf5 e4 21. Rc1 Nc6 22. Bxf8 Rdxf8 23. Qxg7 Qd8 24. Qg3+ Ka8 25. Qd6 Qe7 26. Rxc6 Qxd6 27. Rxd6 Kb8 28. Rc1 1-0